| 000 | 00471nam a22001697a 4500 | ||
|---|---|---|---|
| 003 | OSt | ||
| 005 | 20140310183109.0 | ||
| 008 | 130305t xxu||||| |||| 00| 0 eng d | ||
| 020 | _a9719103008 | ||
| 050 |
_aGT 1540 _b.D278 2000 |
||
| 100 | _aDe la Torre, Visitacion. | ||
| 245 |
_aThe Barong tagalog then & now / _cVisitacion De la Torre |
||
| 260 |
_aMakati City : _bTower Book House, _c2000. |
||
| 300 |
_a214 p. : _c31 cm. |
||
| 942 |
_2lcc _cBK _kFLIR |
||
| 999 |
_c18827 _d18827 |
||